000 00264nam a2200109Ia 4500
008 240625s9999 xx 000 0 und d
041 _aeng
082 _a332.1 STO
100 _aSTOWELL DAVIS P
245 _aINVESTMENT BANKS HEDGE FUNDS AND PRIVATE
260 _c2014
999 _c38305
_d38305